Svetová kardiológia v Smoleniciach - Cardiology update 1997

Bibliographic Details
Main Author: Mikeš, Zoltán, 1940- (Author)
Format: Article
Language:Slovak
ISSN:1210-0048
Subjects:

MARC

LEADER 00000nab a2200000 a 4500
001 vtls000648978
003 SK-MaSNL
005 20260304084339.0
008 250425c1998 xo 0 slo
015 |a SNBRA1998/01-00200 
035 |a CLN000001173 
035 |a urn:nbn:sk:snk-ab32gu 
035 |a (urnnbn)urn:nbn:sk:snk:ar-a05p28 
035 |a (uuid)3c17d5d5-28f8-4976-9aa8-dd39a42a1194 
040 |a SNKBUCL  |b slo  |c SNKBUCL  |e AACR2 
041 0 |a slo 
044 |a xo  |c SK 
080 |a 616.12:061.3  |2 1997 
100 1 |a Mikeš, Zoltán,  |d 1940-  |4 aut 
245 1 0 |a Svetová kardiológia v Smoleniciach - Cardiology update 1997  |c Zoltán Mikeš 
611 1 7 |a Cardiology update  |d 1997  |c Smolenice, Slovensko  |2 snkbucl  |9 1376612 
650 0 7 |a kardiológia  |x konferencie  |x 1997  |2 snkbucl  |9 1376610 
655 7 |a články z novín a časopisov  |2 snkbucl  |2 snkbucl  |9 267496 
773 0 |t Kardiológia  |g Roč. 7, č. 1 (1998)  |g S. 7-8  |x 1210-0048  |x 1210-0048 
773 0 |t [Príl.] Informácie SKS, SHS a PSNK  |g Roč. 7, č. 1 (1998)  |g S. 7-8  |x 1210-0048  |x 1210-0048 
850 |a Slovenská národná knižnica 
852 |a Slovenská národná knižnica 
958 |a article27 
958 |a OND 
999 |c 2803039  |d 2804969